000 00822cam a2200229 4500
001 WB3645-16
008 000000n2000 000 0 eng u
035 _a(Sirsi) u109334
245 _aCosts threaten new build
260 _c2000
490 _aHousing Today
_v(209) 9 November 2000, 1(1)
520 _aNew figures indicate that housing associations may not be able to develop enough homes to meet need, because of rising costs. The rents associations would need to charge for new developments are in conflict with government's rent restructuring programme.
590 _aWB
650 _aHOUSING ASSOCIATIONS
650 _aRENTS
650 _aNATIONAL HOUSING FEDERATION
650 _aCOST RENTS
650 _aINDICATOR RENTS
650 _aNEW DEVELOPMENTS
690 _aHOUSING-DEVELOPMENT
942 _n0
999 _c65262
_d65262